000 00683nam a2200229 a 4500
005 20240910064205.0
008 040401s2003 mx r 000 0 spa d
020 _a9702404657
035 _aUPN01000132916
049 _aCG
050 4 _aB2430
_bC5.3
100 1 _aCioran, Emile,
_d1911-1995
245 1 3 _aEl crepúsculo del pensamiento /
_cCioran ; tr. María de la Luz Broissin Fernández.
260 _aMéxico :
_bNueva Imagen,
_cc2003.
300 _a286 p.
440 0 _aGrandes autores
534 _pTraducción de:
_tLe crépuscule des pensées
650 4 _aAntropología filosófica
_94784
650 4 _aVida
_914935
650 4 _aFilosofía
_95327
905 _aLibro
999 _c105069
_d105069